La Diplomacia total /
Se presenta un diseño de política exterior mexicana que considera las oportunidades externas e internas en múltiples direcciones, y define los valores nacionales a preservar.
Gespeichert in:
| 1. Verfasser: | |
|---|---|
| Format: | Buch |
| Sprache: | Spanisch |
| Veröffentlicht: |
México :
Fondo de Cultura Económica,
1994, c1994
|
| Ausgabe: | 2a edición |
| Schriftenreihe: | (Sección de Obras de Política y Derecho)
|
| Schlagworte: | |
| Tags: |
Keine Tags, Fügen Sie das erste Tag hinzu!
|
MARC
| LEADER | 00000nam^a2200000^a^4500 | ||
|---|---|---|---|
| 001 | 000051826 | ||
| 005 | 20250521000000.0 | ||
| 009 | 20260310090334.908 | ||
| 020 | |a 968-16-4238-4 | ||
| 037 | |a Acervo ITESO - Biblioteca | ||
| 041 | |a ESP | ||
| 082 | |a 327. 72 |b OLL | ||
| 100 | |a Olloqui, José Juan de |e (autor) | ||
| 245 | 1 | 3 | |a La Diplomacia total / |c J.J. de Olloqui. |
| 250 | |a 2a edición | ||
| 264 | 4 | |a México : |b Fondo de Cultura Económica, |c 1994, c1994 | |
| 300 | |a 322 p. | ||
| 336 | |a texto |b txt |2 rdacontenido | ||
| 337 | |a sin mediación |b n |2 rdamedio | ||
| 338 | |a volumen |b nc |2 rdasoporte | ||
| 440 | 1 | |a (Sección de Obras de Política y Derecho) | |
| 520 | |a Se presenta un diseño de política exterior mexicana que considera las oportunidades externas e internas en múltiples direcciones, y define los valores nacionales a preservar. | ||
| 649 | |a XX | ||
| 650 | |a Política Exterior - |z México | ||
| 650 | |a Diplomacia - |z México | ||
| 650 | |a Relaciones Internacionales - |z México-Latinoamérica | ||
| 650 | |a Relaciones Internacionales - |z México-EUA | ||
| 650 | |a Cuenca del Pacífico | ||
| 650 | |a Apertura Comercial e Integración Económica | ||
| 650 | |a Comercio Internacional | ||
| 650 | |a Guerra Fría | ||
| 650 | |a Nuevo Orden Económico Internacional | ||
| 650 | |a Economía | ||
| 910 | |a Fondo General | ||
| 920 | |a Impresos - Libros | ||
| 930 | |a Colección General | ||
| 905 | |a 101 | ||
| 901 | |a 0500009143 |b IT1 |c ACC |u 20250521 | ||
| 901 | |a 0500009138 |b IT1 |c ACC |u 20250521 | ||
| 902 | |a https://opac.biblio.iteso.mx/vufind/Record/000051826 | ||